000 00753nam a2200289Ia 4500
005 20260324135328.0
008 008 260324s9999 xx 000 0 eng d
020 _a9781315706214
037 _aEBOOK
040 _aCRL
040 _beng
040 _cCRL
041 _2eng
041 _aeng
084 _qCRL
100 _aRay Marshall
_91200200
245 0 _aBack to Shared Prosperity: The Growing Inequality of Wealth and Income in America
245 4 _bThe Growing Inequality of Wealth and Income in America
260 _bTaylor and Francis
260 _c2000
365 _a
365 _b145
856 _uhttp://www.taylorfrancis.com/books/9781315706214
942 _cEBOOK
999 _c1801133
_d1801133